000 00799nam a2200241 i 4500
001 65256
003 ES-MaACL
005 20250721130823.0
007 t|
008 040109s1907 mx ||||1| spa d
040 _cES-MaACL
100 1 _aFranco, Ramón N.
_952233
_eaut
245 1 0 _aPictóricas :
_bpoesías /
_cde Ramón N. Franco (del Ateneo Mexicano)
260 _aMéxico :
_b[s.n.],
_c1907
300 _a292 páginas ;
_c21 cm.
530 _3Disponible en formato digital
655 7 _aPoesías
_2tgfbne
_9176539
852 _aES-MaACL
_jG-7922
_cSPP3
_zRevisado enlace: 21 de julio de 2025
856 4 _uhttps://archive.org/details/pictricaspoesia00frangoog/page/n5/mode/2up
_yInternet Archive
942 _cMONOGRAFIA
_n0
999 _c65256
_d65256